Statistics for 1995-96 Cricket World Cup Australian squad

Click here to take the quiz!

General Stats

  • This quiz has been taken 108 times
  • The average score is 12 of 15

Answer Stats

HintAnswer% Correct
VictoriaSpin bowlerShane Warne
99%
New South WalesBatsmanMark Waugh
98%
New South WalesBatsmanSteve Waugh
98%
New South WalesPace bowlerGlenn McGrath
97%
QueenslandWicket-keeperIan Healy
97%
New South WalesBatsmanMark Taylor
92%
TasmaniaBatsmanRicky Ponting
90%
VictoriaPace bowlerDamien Fleming
80%
New South WalesBatsmanMichael Bevan
77%
New South WalesBatsmanMichael Slater
77%
QueenslandBatsmanStuart Law
69%
QueenslandPace bowlerCraig McDermott
68%
South AustraliaPace bowler (replacement)Jason Gillespie
68%
New South WalesAll-rounder (pace bowler)Shane Lee
68%
VictoriaPace bowlerPaul Reiffel
65%

Score Distribution

Percentile by Number Answered

Percent of People with Each Score

Your Score History

You have not taken this quiz